000 00721nam a2200253Ia 4500
003 OSt
005 20220924114735.0
006 a|||||r|||| 00| 0
007 ta
008 220923b |||||||| |||| 00| 0 ara d
024 _a340864
037 _cTextual
040 _aARTS
_cARTS
_bara
041 _2ara
_aara
082 _aP28,9D677:4k, 28K2
100 _aShafai Muhammad Ab-al-Saroor Au.
_9175116
245 0 _aAl-qaul al maqtasnab
260 _aCairo
_bDar-al-fikr Egypt
_c1962
300 _a168p.
_ccm.
650 _a LINGUISTICS
650 _aARABIC LANGUAGE
_931794
942 _hP28,9D677:4k, 28K2
_cTEXL
_2CC
999 _c395051
_d395051